000 00404nam a2200181Ia 4500
001 10340
005 20260306161825.0
008 260306t1980||||xx |||||||||||||| ||spa||
041 _aESP
082 _a920.02
_bS29 T. 1
100 _aSchur, Max
_eAUT
245 0 _aSigmund Freud
260 _c1980
300 _a395 páginas :
_ccm.
650 _aGEN
654 _aCHU
942 _cLIB
_dJUS
_fJUS
_2ddc
_n
999 _c10340
_d10340